| 000 | 00643nam a22002057a 4500 | ||
|---|---|---|---|
| 003 | PILC | ||
| 005 | 20151028134949.0 | ||
| 008 | 130924t xxu||||| |||| 00| 0 eng d | ||
| 020 | _a9780745930350 | ||
| 050 |
_aPZ 7 _b.R883 1995 |
||
| 082 |
_aGS 222.11 _bR796mta 1995 |
||
| 100 |
_aRowlands, Avril _921462 |
||
| 245 |
_aMore tales from the ark / _cAvril Rowlands ; illustrated by Rosslyn Moran. |
||
| 260 |
_aOxford, England : _bLion Publishing, _c1995. |
||
| 300 |
_a128 p. : _bill. col. ; _c21 cm. |
||
| 650 |
_aNoah's ark _xJuvenile literature _921463 |
||
| 650 |
_aBible stories _xFiction _921464 |
||
| 942 |
_2lcc _cBK |
||
| 999 |
_c12014 _d12014 |
||